| 000 | 00733nam a22002417a 4500 | ||
|---|---|---|---|
| 003 | OSt | ||
| 005 | 20220107122818.0 | ||
| 008 | 160715b xxu||||| |||| 00| 0 eng d | ||
| 020 | _a9788131505496 | ||
| 040 | _cIIITMK | ||
| 082 | _a004.21 SHE/S | ||
| 100 |
_aShelly, Gary B. _910177 |
||
| 245 |
_aSystems analysis and design methods _cGary B. Shelly, Thomas J. Cashman and Hary J. Rosenblatt |
||
| 260 |
_aNew Delhi, _bCengage Learning India, _c2010. |
||
| 300 | _a631 p. | ||
| 500 | _aGifted by Dr. Rajasree M S | ||
| 650 |
_aCOMPUTER SCIENCE _910178 |
||
| 650 |
_aSYSTEM ANALYSIS _910179 |
||
| 650 |
_aSYSTEM DESIGN _910180 |
||
| 700 |
_aCashman, Thomas J. _910181 |
||
| 700 |
_aRosenblatt, Harry J. _910182 |
||
| 942 |
_2ddc _cBK |
||
| 999 |
_c5301 _d5301 |
||